<?xml version="1.0" encoding="UTF-8"?>
<record
    xmlns:xsi="http://www.w3.org/2001/XMLSchema-instance"
    xsi:schemaLocation="http://www.loc.gov/MARC21/slim http://www.loc.gov/standards/marcxml/schema/MARC21slim.xsd"
    xmlns="http://www.loc.gov/MARC21/slim">

  <leader>00875nam a22002177a 4500</leader>
  <datafield tag="999" ind1=" " ind2=" ">
    <subfield code="c">8448</subfield>
    <subfield code="d">8448</subfield>
  </datafield>
  <controlfield tag="003">AR-CdUCM</controlfield>
  <controlfield tag="008">190325b           ||||| |||| 00| 0 spa d</controlfield>
  <datafield tag="040" ind1=" " ind2=" ">
    <subfield code="a">MUNICIPALIDAD PROVINCIAL DEL CUSCO</subfield>
    <subfield code="c">BIBLIOTECA MUNICIPAL DEL CUSCO</subfield>
  </datafield>
  <datafield tag="082" ind1=" " ind2=" ">
    <subfield code="a">985.03 /</subfield>
    <subfield code="b">M26</subfield>
  </datafield>
  <datafield tag="100" ind1=" " ind2=" ">
    <subfield code="a">Mart&#xED;nez Cereceda, Jos&#xE9; Luis </subfield>
  </datafield>
  <datafield tag="245" ind1=" " ind2=" ">
    <subfield code="a">Autoridades en Los Andes, Los Atributos del Se&#xF1;or /</subfield>
  </datafield>
  <datafield tag="260" ind1=" " ind2=" ">
    <subfield code="a">Per&#xFA; :</subfield>
    <subfield code="b">Fondo Editorial de la Pontificia Universidad Universidad Cat&#xF3;lica del Per&#xFA; ;</subfield>
    <subfield code="c">1995.</subfield>
  </datafield>
  <datafield tag="300" ind1=" " ind2=" ">
    <subfield code="a">256 p&#xE1;ginas ;</subfield>
    <subfield code="c">21cm</subfield>
  </datafield>
  <datafield tag="505" ind1=" " ind2=" ">
    <subfield code="a">Contenido: Los emblemas y sus contextos -- Nuevamente los rituales -- El ritual de investidura -- El ritual de desplazamiento -- Leyendo los emblemas...</subfield>
  </datafield>
  <datafield tag="650" ind1=" " ind2=" ">
    <subfield code="a">Incas </subfield>
    <subfield code="9">303</subfield>
  </datafield>
  <datafield tag="650" ind1=" " ind2=" ">
    <subfield code="a">Rituales </subfield>
    <subfield code="9">6673</subfield>
  </datafield>
  <datafield tag="650" ind1=" " ind2=" ">
    <subfield code="a">Religi&#xF3;n inca </subfield>
    <subfield code="9">23712</subfield>
  </datafield>
  <datafield tag="710" ind1=" " ind2=" ">
    <subfield code="a">PUCP - Fondo Editorial </subfield>
    <subfield code="9">23713</subfield>
  </datafield>
  <datafield tag="942" ind1=" " ind2=" ">
    <subfield code="2">ddc</subfield>
    <subfield code="c">LIBROS</subfield>
  </datafield>
  <datafield tag="945" ind1=" " ind2=" ">
    <subfield code="a">nom</subfield>
  </datafield>
  <datafield tag="952" ind1=" " ind2=" ">
    <subfield code="0">0</subfield>
    <subfield code="2">ddc</subfield>
    <subfield code="4">0</subfield>
    <subfield code="7">0</subfield>
    <subfield code="a">SH</subfield>
    <subfield code="b">SH</subfield>
    <subfield code="c">CART</subfield>
    <subfield code="d">2019-03-25</subfield>
    <subfield code="g">35.00</subfield>
    <subfield code="o">985.03 / M26</subfield>
    <subfield code="p">SH0000008971</subfield>
    <subfield code="r">2019-03-25</subfield>
    <subfield code="y">LIBROS</subfield>
  </datafield>
</record>
